A carregar...
Mental retardation Readings and resources /
| Autor principal: | |
|---|---|
| Idioma: | Undetermined |
| Publicado em: |
1962.
|
| LEADER | 00391nam a2200121Ia 4500 | ||
|---|---|---|---|
| 001 | 85976 | ||
| 008 | 170722s9999 xx 000 0 und d | ||
| 100 | |a Roshtein, Jerome H. | ||
| 245 | |a Mental retardation |b Readings and resources / | ||
| 260 | |c 1962. | ||
| 942 | |c GEN | ||
| 999 | |c 64105 |d 64105 | ||
| 952 | |0 0 |1 0 |4 0 |6 T_62_000000000000000_K1 |7 0 |9 91070 |a LIB |b LIB |d 2017-08-12 |o T62 K1 |p 100955 |r 2017-08-12 |w 2017-08-12 |y GEN | ||